Entry Personal Name
Number of records used in: 1
001 - CONTROL NUMBER
003 - CONTROL NUMBER IDENTIFIER
005 - DATE AND TIME OF LATEST TRANSACTION
- control field:
20200127132328.0
008 - FIXED-LENGTH DATA ELEMENTS
- fixed length control field:
120404n| acannaabn |a aaa
010 ## - LIBRARY OF CONGRESS CONTROL NUMBER
- LC control number:
nb2012009023
035 ## - SYSTEM CONTROL NUMBER
- System control number:
(Uk)008442175
040 ## - CATALOGING SOURCE
- Original cataloging agency:
Uk
- Language of cataloging:
eng
- Transcribing agency:
Uk
100 1# - HEADING--PERSONAL NAME
- Personal name:
Arvinen-Muondo, Raisa
400 1# - SEE FROM TRACING--PERSONAL NAME
- Personal name:
Muondo, Raisa Arvinen-
670 ## - SOURCE DATA FOUND
- Source citation:
Developing Angolan talent along a cross-cultural pipeline, 2010:
- Information found:
t.p. (Raisa Arvinen-Muondo)